000 00626nam a2200229Ia 4500
003 OSt
005 20221007063356.0
006 a|||||r|||| 00| 0
007 ta
008 221006b |||||||| |||| 00| 0 eng d
024 _a13,292
037 _cTextual
040 _aFLL
_cFLL
_beng
041 _2eng
_aeng
082 _aV73:57.N7, L9
100 _aBarron J.A. Au.
_9684134
245 0 _aHandbook of free speech and free press
260 _aBoston
_bLittle brown and company Boston
_c1979
300 _a756p
_ccm.
942 _hV73:57.N7, L9
_cTEXL
_2CC
999 _c1131102
_d1131102